Responsabilidad social empresarial y políticas públicas /

Se pretende a través de la revisión bibliográfica y documental, ofrecer una reflexión sobre los principales problemas que afectan al diseño de políticas públicas que incentivan la Responsabilidad Social Empresarial (RSE). Se concluye que el impulso decidido por los gobiernos en el diseño de política...

Full description

Saved in:
Bibliographic Details
Main Author: Chumaceiro Hernández, Ana
Format: Text
Subjects:
Tags: Add Tag
No Tags, Be the first to tag this record!

MARC

LEADER 00000 a a2200000 04500
001 46669
003
040
090 |a REV0865 19(2) 2013  
100 |a Chumaceiro Hernández, Ana  
245 |a Responsabilidad social empresarial y políticas públicas /  |c Ana Chumaceiro Hernández; et.al  
520 |a Se pretende a través de la revisión bibliográfica y documental, ofrecer una reflexión sobre los principales problemas que afectan al diseño de políticas públicas que incentivan la Responsabilidad Social Empresarial (RSE). Se concluye que el impulso decidido por los gobiernos en el diseño de políticas eficaces de RSE pasa por el convencimiento de su potencial como una poderosa palanca de cambio social.  
590 |a AMB/SETIEMBRE2014  
650 |a ESTADO  
650 |a EMPRESAS  
650 |a POLITICA GUBERNAMENTAL  
650 |a RESPONSABILIDAD SOCIAL EMPRESARIAL (CIDCACS)  
650 |a CAMBIO SOCIAL  
773 |g volumen19, número2 ( abril-junio, 2013), páginas 309-321  
999 |c 25711  |d 25711